Banner

Procesos declarativos, arbitrales y ejecutivos / (Record no. 789)

MARC details
000 -LEADER
campo de control de longitud fija 00880nam a22002777a 4500
001 - NÚMERO DE CONTROL
campo de control 003471
003 - IDENTIFICADOR DE NÚMERO DE CONTROL
campo de control CoMeUDC003471
005 - FECHA Y HORA DE LA ÚLTIMA TRANSACCIÓN
campo de control 20190115214738.0
008 - DATOS DE LONGITUD FIJA--INFORMACIÓN GENERAL
campo de control de longitud fija 170511s2016 ck gr 001 0 spa d
020 ## - NÚMERO INTERNACIONAL ESTÁNDAR DEL LIBRO
Número Internacional Estándar del Libro 9789583511219
040 ## - FUENTE DE CATALOGACIÓN
Centro catalogador/agencia de origen CO-BoUEC
Centro/agencia transcriptor CoMeUDC
043 ## - CÓDIGO DE ÁREA GEOGRÁFICA
Código de área geográfica s-ck---
082 04 - NÚMERO DE LA CLASIFICACIÓN DECIMAL DEWEY
Número de clasificación 347.07
Número de ítem B423
Información de edición 15
100 1# - ENTRADA PRINCIPAL--NOMBRE DE PERSONA
Nombre de persona Bejarano Guzmán, Ramiro,
Fechas asociadas al nombre 1954-
245 10 - MENCIÓN DEL TÍTULO
Título Procesos declarativos, arbitrales y ejecutivos /
Mención de responsabilidad, etc. Ramiro Bejarano Guzmán.
250 ## - MENCION DE EDICION
Mención de edición Séptima edición.
260 ## - PUBLICACIÓN, DISTRIBUCIÓN, ETC.
Lugar de publicación, distribución, etc. Bogotá :
Nombre del editor, distribuidor, etc. Editorial Temis,
Fecha de publicación, distribución, etc. 2016.
300 ## - DESCRIPCIÓN FÍSICA
Extensión xxxviii, 644 páginas ;
Dimensiones 25 cm.
490 0# - MENCIÓN DE SERIE
Mención de serie Obras Jurídicas
504 ## - NOTA DE BIBLIOGRAFÍA, ETC.
Nota de bibliografía, etc. Nota Incluye referencias bibliográficas e índice.
650 14 - PUNTO DE ACCESO ADICIONAL DE MATERIA--TÉRMINO DE MATERIA
Término de materia o nombre geográfico como elemento de entrada Conciliación (Derecho civil)
Subdivisión geográfica Colombia
650 14 - PUNTO DE ACCESO ADICIONAL DE MATERIA--TÉRMINO DE MATERIA
Término de materia o nombre geográfico como elemento de entrada Procedimiento civil
Subdivisión geográfica Colombia
650 14 - PUNTO DE ACCESO ADICIONAL DE MATERIA--TÉRMINO DE MATERIA
Término de materia o nombre geográfico como elemento de entrada Proceso (Derecho)
Subdivisión geográfica Colombia
650 14 - PUNTO DE ACCESO ADICIONAL DE MATERIA--TÉRMINO DE MATERIA
Término de materia o nombre geográfico como elemento de entrada Arbitramento
Subdivisión geográfica Colombia
942 ## - ELEMENTOS DE ENTRADA SECUNDARIOS (KOHA)
Fuente del sistema de clasificación o colocación Clasificación Decimal Dewey
Tipo de ítem Koha Libros
Holdings
Estatus retirado Estado de pérdida Fuente del sistema de clasificación o colocación Estado de daño No para préstamo Colección Biblioteca de origen Biblioteca actual Fecha de adquisición Fuente de adquisición Total de préstamos Signatura topográfica completa Código de barras Visto por última vez Fecha del último préstamo Copia número Precio de reemplazo Tipo de ítem Koha
    Clasificación Decimal Dewey     Colección general U DE COLOMBIA - Biblioteca U DE COLOMBIA - Biblioteca 15/01/2019 Compra 3 347.07 B423 003471 26/11/2020 19/11/2020 1 15/01/2019 Libros


Biblioteca Académica Corporación Universitaria U DE COLOMBIA | Teléfono: +(57) (4) 2398080 ext. 1112 | E-mail: biblioteca@udecolombia.edu.co | Dirección: Calle 56 Nº 41 – 147 (Bolivia con Girardot)
Horario de atención: lunes a viernes 8:00 a.m. a 8:00 p.m. - sábados 8:00 a.m. a 4:00 p.m.
Implementado por Grupo EGS.

Powered by Koha